000 00563nam a2200229Ia 4500
003 OSt
005 20221005115457.0
006 a|||||r|||| 00| 0
007 ta
008 221004b |||||||| |||| 00| 0 san d
024 _a59409
037 _cTextual
040 _aCRL
_cCRL
_bsan
041 _2san
_asan
082 _aO15,2D30,3, 33G9
100 _aBhasa Au.
_9200855
245 0 _aCharudatta
260 _c1939
650 _aSANSKRIT LITERATURE
942 _hO15,2D30,3, 33G9
_cTEXL
_2cc
999 _c1034958
_d1034958